Statystyki dla Losowe kraje na mapie świata

Kliknij tutaj aby rozwiązać quiz!

Ogólne statystyki

  • Ten quiz został rozwiązany 860 razy
  • Średni wynik to 14 z 20

Odpowiedzi na mapie

Odpowiedzi skodowane kolorowo w zielono-czerwonej skali na mapie do tego quizu, zgodnie z poniższymi procentami.
 

Statystyki odpowiedzi

Kraj% Poprawnych
Arabia Saudyjska
100%
Austria
100%
Belgia
100%
Bośnia i Hercegowina
100%
Brazylia
100%
Bułgaria
100%
Chiny
100%
Chorwacja
100%
Czechy
100%
Dania
100%
Dżibuti
100%
Egipt
100%
Estonia
100%
Hiszpania
100%
Holandia
100%
Iran
100%
Irlandia
100%
Japonia
100%
Kostaryka
100%
Łotwa
100%
Maroko
100%
Nigeria
100%
Norwegia
100%
Oman
100%
Peru
100%
Polska
100%
Republika
Południowej Afryki
100%
Rosja
100%
Słowacja
100%
Słowenia
100%
Stany Zjednoczone
100%
Szwecja
100%
Tajwan
100%
Turcja
100%
Węgry
100%
Wielka Brytania
100%
Włochy
100%
Cypr
93%
Malta
93%
Papua-Nowa Gwinea
91%
San Marino
91%
Francja
90%
Andora
89%
Jemen
89%
Kanada
89%
Kazachstan
89%
Rwanda
89%
Argentyna
88%
Białoruś
88%
Sudan
88%
Ukraina
88%
Chile
86%
Grecja
86%
Mauretania
86%
Mołdawia
86%
Portugalia
86%
Czarnogóra
83%
Demokratyczna
Republika Konga
83%
Ekwador
83%
Finlandia
83%
Litwa
83%
Mauritius
83%
Meksyk
83%
Tunezja
83%
Tuvalu
83%
Urugwaj
83%
Vanuatu
83%
Australia
80%
Azerbejdżan
80%
Bahamy
80%
Boliwia
80%
Burkina Faso
80%
Ghana
80%
Jordania
80%
Katar
80%
Madagaskar
80%
Malezja
80%
Nowa Zelandia
80%
Saint Lucia
80%
Tadżykistan
80%
Wietnam
80%
Bangladesz
78%
Kuwejt
78%
Luksemburg
78%
Niemcy
78%
Niger
78%
Tajlandia
78%
Botswana
77%
Angola
75%
Gruzja
75%
Gujana
75%
Islandia
75%
Kenia
75%
Korea Południowa
75%
Liechtenstein
75%
Mali
75%
Mongolia
75%
Rumunia
75%
Saint Kitts i Nevis
75%
Szwajcaria
75%
Dominikana
73%
Irak
73%
Nauru
73%
Serbia
73%
Kolumbia
71%
Wyspy Salomona
71%
Haiti
70%
Sri Lanka
70%
Lesotho
69%
Czad
67%
Filipiny
67%
Gwinea
67%
Indonezja
67%
Jamajka
67%
Paragwaj
67%
Tanzania
67%
Etiopia
64%
Kambodża
64%
Laos
64%
Bhutan
63%
Eswatini
63%
Indie
63%
Izrael
63%
Kirgistan
63%
Kosowo
63%
Macedonia Północna
63%
Monako
63%
Pakistan
63%
Timor Wschodni
63%
Watykan
63%
Wyspy Świętego
Tomasza i Książeca
63%
Gambia
62%
Kiribati
62%
Algieria
60%
Erytrea
60%
Somalia
60%
Syria
60%
Uzbekistan
60%
Zambia
60%
Libia
58%
Afganistan
57%
Dominika
57%
Kongo
57%
Korea Północna
57%
Saint Vincent i
Grenadyny
57%
Salwador
57%
Surinam
57%
Wyspy Marshalla
57%
Panama
56%
Gwatemala
55%
Malawi
55%
Mikronezja
55%
Mozambik
55%
Albania
50%
Benin
50%
Gwinea Bissau
50%
Honduras
50%
Kuba
50%
Liban
50%
Liberia
50%
Malediwy
50%
Namibia
50%
Nepal
50%
Republika Zielonego
Przylądka
50%
Samoa
50%
Seszele
50%
Zjednoczone Emiraty
Arabskie
50%
Barbados
45%
Nikaragua
45%
Trynidad i Tobago
45%
Uganda
45%
Senegal
44%
Sudan Południowy
44%
Turkmenistan
44%
Wenezuela
44%
Komory
43%
Gabon
40%
Grenada
40%
Palau
40%
Brunei
38%
Mjanma
38%
Republika
Środkowoafrykańska
38%
Tonga
38%
Sierra Leone
36%
Antigua i Barbuda
33%
Fidżi
33%
Wybrzeże Kości
Słoniowej
33%
Zimbabwe
33%
Belize
29%
Singapur
29%
Armenia
25%
Bahrajn
25%
Burundi
25%
Togo
25%
Gwinea Równikowa
22%
Kamerun
20%

Rozkład punktacji

Percentyl według liczby udzielonych odpowiedzi

Procent ludzi z każdym wynikiem

Twoja historia wyników

Nie rozwiązałeś tego quizu